Представление документа в формате RUSMARC

ПолеНазваниеЗначение
  Тип записи a
  Библиографический уровень m
001 Контрольный номер RU\NLR\BIBL_A\011998158
005 Дата корректировки 20201214143957.1
010 Индекс ISBN __
a ISBN 978-5-91678-513-5 (в пер.)
d Цена 496-16, 800 экз.
021 № государственной регистрации __
b № документа 2019-22019
100 Данные общей обработки __
a Данные общей обработки 19200310d2019||||||| 0rusy0189 ca
101 Язык документа 0_
a Язык текста rus
102 Страна публикации __
a Страна публикации RU
102 Страна публикации __
a Страна публикации RU
105 Кодированные данные (монография) __
a Кодированные данные (монография) a|||||||0|0zy
200 Заглавие и сведения об ответственности 1_
a Заглавие Быт домонгольской Руси
e Сведения, относящиеся к заглавию [сборник научных статей]
f Первые сведения об ответственности иллюстрации Ирины Тибиловой
203 Вид содержания и тип средства __
a Вид содержания Текст
c Тип средства непосредственный
210 Выходные данные __
a Место издания Москва
c Издательство Ломоносовъ
d Дата издания 2019
215 Физическое описание __
a Объем 225, [2] с.
c Иллюстрации/тип воспроизводства ил.
d Формат 22 см
330 Аннотация __
a Аннотация В этой интереснейшей книге рассказывается о быте домонгольской Руси - о том, в каких домах жили наши предки и какая была в этих домах обстановка, во что они одевались и как себя украшали, что ели и на какой посуде, на чем и по каким дорогам передвигались, что производили на продажу и что для собственного хозяйства, какими деньгами расплачивались и как сохраняли нажитое. Ее авторы - отечественные историки первой величины, крупнейшие специалисты в области древнерусской истории и литературы. Разделы "Жилище" и "Средства и пути сообщения" написаны доктором исторических наук Н. Н. Ворониным. Его очерк также помещен наряду с двумя работами доктора филологических наук В. Ф. Ржиги в разделе "Трапеза". Автор раздела "Одежда" - доктор исторических наук А. В. Арциховский, раздела "Торговля" - академик Б. А. Рыбаков, "Деньги и денежное обращение" - доктор исторических наук Б. А. Романов. Вводный очерк о жизни Руси до прихода монголов принадлежит доктору исторических наук В.В. Мавродину.
606 Тематические рубрики __
a Основная рубрика История
606 Тематические рубрики __
a Основная рубрика Россия в IX - XVII вв.
z Хронологическая подрубрика 10 в.
z Хронологическая подрубрика 11 в.
z Хронологическая подрубрика 9-11 вв.
z Хронологическая подрубрика 9 в.
y Географическая подрубрика Древнерусское государство
y Географическая подрубрика Древняя Русь
y Географическая подрубрика Киевская Русь
610 Ключевые слова __
a Ключевые слова история Руси
610 Ключевые слова __
a Ключевые слова домонгольская культура
610 Ключевые слова __
a Ключевые слова домонгольский период
610 Ключевые слова __
a Ключевые слова русский быт
610 Ключевые слова __
a Ключевые слова киевский период
610 Ключевые слова __
a Ключевые слова быт
610 Ключевые слова __
a Ключевые слова Древняя Русь
610 Ключевые слова __
a Ключевые слова деньги
610 Ключевые слова __
a Ключевые слова одежда
610 Ключевые слова __
a Ключевые слова нравы
610 Ключевые слова __
a Ключевые слова пища
610 Ключевые слова __
a Ключевые слова утварь
610 Ключевые слова __
a Ключевые слова посуда
610 Ключевые слова __
a Ключевые слова еда
610 Ключевые слова __
a Ключевые слова торговля
610 Ключевые слова __
a Ключевые слова денежное обращение
610 Ключевые слова __
a Ключевые слова анты
610 Ключевые слова __
a Ключевые слова славяне
686 Индексы других классификаций __
2 Код системы rubbks
a Классификационный индекс ст63.3(2)41-7
702 Вторичная интеллектуальная ответственность _1
a Фамилия Тибилова
b Имя И.
4 Код отношения Художник
g Полное личное имя Ирина
4 Код отношения 040
801 Источник записи _0
a Страна RU
b Организация NLR
c Дата составления 20200310
g Правила каталогизации PSBO
801 Источник записи _2
a Страна RU
b Организация Муниципальное бюджетное учреждение культуры "Централизованная библиотечная система" г. Сургут (Центральная городская библиотека им. А. С. Пушкина)
c Дата составления 20200310
852 Данные о местонахождении __
j Шифр хранения ст63.3(2)41-7
i Авторский знак Б 95
901 Тип документа __
a Ответственный КиК/Мамарузиева
t Тип документа m
903 Характеристики (МАРС) __
a Дата передачи 20200311
911 __
u 336a=Текст
911 __
u 337a=непосредственный
990 Данные о заказе (DOS) __
j Количество экземпляров (DOS) 1
t N записи в КСУ для И/У (DOS) 202003